000 00767nas a2200265 4500
001 BR9406512
003 BR-BrBNA
005 20231205093758.0
007 ta
008 230509b bl.|||p| |||| 00| 00por d
040 _aBR-BrBNA
_bpor
_cBiblioteca Nacional de Agricultura
041 _a(Pt)
072 _aF30
100 1 _aSouza, P.I. de M. de
100 1 _aSpehar, C.R.
100 1 _aUrben Filho, G.
100 1 _aMoreira, C.T.
245 1 _aBR-40 (Itiquira)- Uma soja mais precoce para os cerrados
650 _aSoja
650 _aVariedade
650 _aCerrado
773 0 _tPesquisa Agropecuaria Brasileira (Brazil)
_xISSN 0100-204X
_g(May 1993), v. 28(5) p. 641-644
_wBR9406512
909 _a202311
_bLúcia
_c55
_dLúcia Elande
942 _2AGRIS
_n0
_cANA
999 _c140360
_d140360